书目信息 |
| 题名: |
机械量测量
|
|
| 作者: | 蔡其如 主编 | |
| 分册: | ||
| 出版信息: | 北京 机械工业出版社 1982.6 |
|
| 页数: | 300页 | |
| 开本: | 26cm | |
| 丛书名: | ||
| 单 册: | ||
| 中图分类: | TH82 | |
| 科图分类: | ||
| 主题词: | 量具 , 力学测试仪器 | |
| 电子资源: | ||
| ISBN: | ||
| 000 | 00532nam0 2200205 45 | |
| 001 | 0312221749 | |
| 005 | 20051102162335.53 | |
| 010 | @dCNY2.00 | |
| 091 | @a15033.5130 | |
| 100 | @a20031222d1982 km y0chiy0120 ea | |
| 101 | @achi | |
| 200 | 1 | @a机械量测量@AJi Xie Liang Ce Liang@f蔡其如主编@FCai Qi Ru Zhu Bian |
| 210 | @a北京@c机械工业出版社@d1982.6 | |
| 215 | @a300页@d26cm | |
| 606 | 0 | @a量具 |
| 606 | 0 | @a力学测试仪器 |
| 690 | @aTH82@v3 | |
| 701 | 0 | @a蔡其如@4主编 |
| 801 | @aCN@bTSTCL@c20051102 | |
| 905 | @dTH82@e1@f1@b123156 | |
| 机械量测量/蔡其如主编.-北京:机械工业出版社,1982.6 |
| 300页;26cm |
| ISBN :CNY2.00 |
| ● |
| 相关链接 |
|
|
|
|
正题名:机械量测量
索取号:TH82/1
 
预约/预借
| 序号 | 登录号 | 条形码 | 馆藏地/架位号 | 状态 | 备注 |
| 1 | 0123155 | 202134617 | 密集书库/ [索取号:TH82/1] | 在馆 | |
| 2 | 0123156 | 001367951 | 第三借阅区/ [索取号:TH82/1] | 在馆 | |
| 3 | 0123157 | 001367997 | 第二样本阅览室/ [索取号:TH82/1] | 在馆 |